10 Największych miast Kambodży - Statystyki

Ogólne statystyki
  • Ten quiz został rozwiązany 4 razy
  • Średni wynik to 5 z 10
Statystyki odpowiedzi
Populacja Miasto % Poprawnych
150tys Battambang
100%
2,3mln Phnom Penh
100%
250tys Siem Reap
100%
60tys Kampong Cham
33%
50tys Kampong Thom
33%
50tys Pursat
33%
70tys Samraong
33%
100tys Serei Saophoan
33%
70tys Sihanoukville
33%
100tys Pipet
0%
Nie znaleziono quizów pasujących do podanych kryteriów
Rozkład punktacji
Procent ludzi z każdym wynikiem
Percentyl według liczby udzielonych odpowiedzi
Twoja historia wyników
Nie rozwiązałeś tego quizu